Zlatý chlapec

Bibliographic Details
Main Author: Kopp, Vladislav (Author)
Format: Article
Language:Slovak
PhysicalDescription:Obr.
Subjects:

MARC

LEADER 00000nab a2200000 ar4500
001 vtls009352938
003 SK-MaSNL
005 20260303205914.0
008 081024c1973 xo |r|p|||||||000 b|slo
015 |a SNBRB1974 
038 |a SNKBUCL 
040 |a SNKBUCL  |b slo  |c SNKBUCL  |e AACR2 
041 |a slo 
044 |a xo  |c SK 
080 |a 7.097  |2 1997 
100 1 |a Kopp, Vladislav  |4 aut  |9 1039489 
245 1 0 |a Zlatý chlapec  |c Vladislav Kopp 
300 |b Obr. 
600 1 7 |a Oddets, Clitford  |t Zlatý chlapec  |2 snkbucl  |9 1241034 
610 2 7 |a Československá televízia  |2 snkbucl  |9 215938 
773 0 |t Týdeník Československé televize  |g Č. 42 (1973), s. 4 
852 |a SNK  |b KIS3GCP 
958 |a RC 
958 |a SK 
999 |c 2197713  |d 2199643